Te amo, mami / (Record no. 20979)
[ view plain ]
| 000 -LEADER | |
|---|---|
| fixed length control field | 02481cam a2200505Ii 4500 |
| 001 - CONTROL NUMBER | |
| control field | sjds903253 |
| 003 - CONTROL NUMBER IDENTIFIER | |
| control field | sjds |
| 005 - DATE AND TIME OF LATEST TRANSACTION | |
| control field | 20180623213511.0 |
| 008 - FIXED-LENGTH DATA ELEMENTS--GENERAL INFORMATION | |
| fixed length control field | 160316s2015 ck a j 000 1 spa d |
| 020 ## - INTERNATIONAL STANDARD BOOK NUMBER | |
| International Standard Book Number | 9789583048968 |
| Qualifying information | (paperback) |
| 020 ## - INTERNATIONAL STANDARD BOOK NUMBER | |
| International Standard Book Number | 9583048968 |
| Qualifying information | (paperback) |
| 035 ## - SYSTEM CONTROL NUMBER | |
| System control number | (OCoLC)944927644 |
| 035 ## - SYSTEM CONTROL NUMBER | |
| System control number | 892786 |
| 035 ## - SYSTEM CONTROL NUMBER | |
| System control number | (OCoLC)ocn944927644 |
| 035 ## - SYSTEM CONTROL NUMBER | |
| System control number | 892786 |
| 040 ## - CATALOGING SOURCE | |
| Original cataloging agency | JQW |
| Language of cataloging | eng |
| Description conventions | rda |
| Transcribing agency | JQW |
| Modifying agency | OCLCO |
| -- | BDX |
| -- | OCLCF |
| -- | OCLCO |
| -- | OCLCQ |
| -- | OCLCO |
| -- | IFA |
| 041 1# - LANGUAGE CODE | |
| Language code of text/sound track or separate title | spa |
| Language code of original | eng |
| 049 ## - LOCAL HOLDINGS (OCLC) | |
| Holding library | IFAA |
| 099 ## - LOCAL FREE-TEXT CALL NUMBER (OCLC) | |
| Filing suffix | 2015 |
| 999 ## - SYSTEM CONTROL NUMBERS (KOHA) | |
| Koha Dewey Subclass [OBSOLETE] | ESPANOL PICTURE BOOKS MATIAS 2015 |
| 100 1# - MAIN ENTRY--PERSONAL NAME | |
| Personal name | Matias, Segundo D., |
| Titles and words associated with a name | Jr., |
| Relator term | author. |
| 240 10 - UNIFORM TITLE | |
| Uniform title | <a href="I love you, Inay.">I love you, Inay.</a> |
| Language of a work | Spanish |
| 245 10 - TITLE STATEMENT | |
| Title | Te amo, mami / |
| Statement of responsibility, etc. | Segundo D. Matias, Jr. ; ilustraciones de Ghani Madueno ; traduccion del ingles, Juan Pablo Mojica. |
| 250 ## - EDITION STATEMENT | |
| Edition statement | Primera edicion. |
| 260 ## - PUBLICATION, DISTRIBUTION, ETC. (IMPRINT) | |
| Place of publication, distribution, etc. | Bogota, D.C., Colombia : |
| Name of publisher, distributor, etc. | Panamericana Editorial, |
| Date of publication, distribution, etc. | 2015. |
| 264 #1 - PRODUCTION, PUBLICATION, DISTRIBUTION, MANUFACTURE, AND COPYRIGHT NOTICE | |
| Place of production, publication, distribution, manufacture | Bogota, D.C., Colombia : |
| Name of producer, publisher, distributor, manufacturer | Panamericana Editorial, |
| Date of production, publication, distribution, manufacture, or copyright notice | 2015. |
| 300 ## - PHYSICAL DESCRIPTION | |
| Extent | 30 pages : |
| Other physical details | color illustrations ; |
| Dimensions | 23 cm. |
| 336 ## - CONTENT TYPE | |
| Content type term | text |
| Content type code | txt |
| Source | rdacontent |
| 336 ## - CONTENT TYPE | |
| Content type term | still image |
| Content type code | sti |
| Source | rdacontent |
| 337 ## - MEDIA TYPE | |
| Media type term | unmediated |
| Media type code | n |
| Source | rdamedia |
| 338 ## - CARRIER TYPE | |
| Carrier type term | volume |
| Carrier type code | nc |
| Source | rdacarrier |
| 490 1# - SERIES STATEMENT | |
| Series statement | Coleccion OA infantil |
| 500 ## - GENERAL NOTE | |
| General note | Translation of: I love you, Inay. |
| 520 ## - SUMMARY, ETC. | |
| Summary, etc. | "Esta serie acerca de las madres es un tributo a su labor y al amor con el que cuidan de sus hijos. La madre es una de las personas y figuras más importantes del mundo. Una madre tiene la capacidad de dar vida a un ser humano, puede ser hermana, amiga, compañera de juegos, maestra, doctora, gerente, protectora y mucho más. Lucía se queja de que su mamá siempre le está diciendo qué hacer y qué no hacer. Lucia está cansada de los constantes recordatorios y preguntas ... hasta que se da cuenta de que su mamá solo trata de cuidarla y de lo importante que es todo lo que hace por ella"--Page [4] of cover. |
| 520 ## - SUMMARY, ETC. | |
| Summary, etc. | "A little girl gets a little annoyed with her mother's constant nagging and worrying until, one day, she learns the hard way to appreciate what she has." -- |
| Assigning source | Amazon.com. |
| 546 ## - LANGUAGE NOTE | |
| Language note | In Spanish. |
| 650 #0 - SUBJECT ADDED ENTRY--TOPICAL TERM | |
| Topical term or geographic name as entry element | Mothers |
| Form subdivision | Juvenile fiction. |
| 650 #0 - SUBJECT ADDED ENTRY--TOPICAL TERM | |
| Topical term or geographic name as entry element | Mother and child |
| Form subdivision | Juvenile fiction. |
| 650 #7 - SUBJECT ADDED ENTRY--TOPICAL TERM | |
| Topical term or geographic name as entry element | Madres |
| Form subdivision | Novela juvenil. |
| Source of heading or term | bidex |
| 650 #7 - SUBJECT ADDED ENTRY--TOPICAL TERM | |
| Topical term or geographic name as entry element | Madre e hijos |
| Form subdivision | Novela juvenil. |
| Source of heading or term | bidex |
| 700 1# - ADDED ENTRY--PERSONAL NAME | |
| Personal name | Madueno, Ghani, |
| Relator term | illustrator. |
| 700 1# - ADDED ENTRY--PERSONAL NAME | |
| Personal name | Mojica, Juan Pablo, |
| Relator term | translator. |
| 830 #0 - SERIES ADDED ENTRY--UNIFORM TITLE | |
| Uniform title | Coleccion OA infantil. |
| 942 ## - ADDED ENTRY ELEMENTS (KOHA) | |
| Koha item type | Libro/Book |
No items available.